000 00538nam a2200193Ia 4500
008 140626s9999 xx 000 0 und d
100 _aCañete, Reuben.
245 _aAng Pagbenta sa imahen ng kalalakihan sa mga piling tindahang pandamit sa Pilipinas /
_c Reuben.Cañete
260 _cc2011.
300 _a8 : 1, page 35
440 _aPlaridel
521 _aMC
650 _aCritical theory.
650 _aMasculinity.
650 _aPolitical economy.
650 _aSpace.
650 _aTheory of consumption.
942 _cSE
999 _c121240
_d121240